00463 2200181 4500001002100000005001500021008004100036020002200077035001900099041000700118082001100125090001700136100002100153245002900174260003100203300003100234650001600265INLIS00000000000077720241224112229241224||||||||| | ||| |||| || |  a978-979-017-093-3 0010-1224000777 aid0 a297.51 a297.51 AHM m0 aAhmad Hadi Yasin00aMeraih Dahsyatnya Ikhlas aJakartabQultumMediac2010 axiv + 326 hlm.; 14 x 20 cm 0aAgama Islam